Lieková politika - reflexia farmakoterapie

Bibliographic Details
Main Author: Foltán, Viliam, 1946- (Author)
Format: Article
Language:Slovak
PhysicalDescription:Tab.
Subjects:

MARC

LEADER 00000nab a2200000 a 4500
001 vtls000756306
003 SK-MaSNL
005 20260304025152.0
008 160405c2001 xo 0 slo
015 |a SNBRB2001/05-14574 
035 |a CLN000108093 
040 |a SNKBUCL  |b slo  |c SNKBUCL  |e AACR2 
041 0 |a slo 
044 |a xo  |c SK 
080 |a 615.1  |2 1997 
080 |a 614.27  |2 1997 
080 |a 338.46:615.1  |2 1997 
100 1 |a Foltán, Viliam,  |d 1946-  |4 aut  |9 215600 
245 1 0 |a Lieková politika - reflexia farmakoterapie  |c V. Foltán 
300 |b Tab. 
504 |a Res. slov. 
504 |a Bibliogr. odkazy 
650 0 7 |a lieky  |2 snkbucl  |9 2515 
650 0 7 |a politika lieková  |2 snkbucl  |9 839584 
650 0 7 |a farmakoterapia  |2 snkbucl  |9 14158 
650 0 7 |a spotreba liekov  |2 snkbucl  |9 222769 
655 7 |a články z novín a časopisov  |2 snkbucl  |9 267496 
773 0 |t Slovakofarma revue  |g Roč. 11, č. 1 (2001), s. 3-8 
850 |a Slovenská národná knižnica v Martine 
852 |a SNK  |b KIS3GCP 
958 |a MI 
958 |a NB 
958 |a RBX 
999 |c 2625748  |d 2627678